| 000 | 01970cam a22004694i 4500 | ||
|---|---|---|---|
| 003 | PE-LiUPU | ||
| 005 | 20250731184553.0 | ||
| 008 | 150625s r 000 0 d | ||
| 020 | _a9972752704 | ||
| 035 | _a(Sirsi) i9789972752704 | ||
| 040 |
_aPE-LiUPU _bspa _cPE-LiUPU _erda |
||
| 082 | 0 | 4 |
_a909 _bS18 _221 |
| 110 | 2 | _aSalvat Editores | |
| 245 | 1 | 3 |
_aLa antigüedad Egipto y Oriente Medio. _n2 / _cSalvat Editores. |
| 264 | 1 |
_aLima, Perú : _bSalvat Editores, _c2005. |
|
| 300 |
_a424 páginas : _bilustraciones, fotos, mapas, diagrs ; _c22 cm. |
||
| 336 |
_atext _2rdacontent |
||
| 337 |
_aunmediated _2rdamedia |
||
| 338 |
_avolume _2rdacarrier |
||
| 504 | _aIncluye referencias bibliográficas al final de cada artículo. | ||
| 505 | 0 | _aOrígenes de Egipto. -Conceptos prehistóricos de Ra y el mito de Osiris. -Expansión de Egipto. -Primeras civilizaciones de Mesopotamia. -Los semitas en Mesopotamia. Babilonia. -Asiria. -Establecimiento de los semitas en Palestina. El "Decálogo". -Los profetas hebreos anteriores a la cautividad. -Navegantes y mercaderes fenicios. Invención del alfabeto. -Grandeza y decadencia de los hititas. | |
| 526 | _aP136 | ||
| 526 | _aP135 | ||
| 526 | _aP134 | ||
| 526 | _aP133 | ||
| 526 | _aP144 | ||
| 526 | _aP143 | ||
| 526 | _aP87 | ||
| 526 | _aP35 | ||
| 526 | _aP20 | ||
| 526 | _aP14 | ||
| 526 | _aP10 | ||
| 526 | _aP06 | ||
| 650 | 1 | 4 | _aCivilización Asirio-Babilónica. |
| 651 | 4 |
_aEgipto _xHistoria _yEpoca antigua. |
|
| 910 |
_baj _ceq-nm _d20050829 |
||
| 942 |
_2ddc _cBOOK |
||
| 949 |
_a909 S18 2 _wDEWEY _c1 _i55678 _lCCODEBUL1 _mBUL _p6.00 _r0 _sY _tBOOK _u2015-06-25 _xBIBLIOTECA _zUNKNOWN _0COMPRA _o.STAFF. Colección General |
||
| 596 | _a1 | ||
| 999 |
_a909 S18 2 _wDEWEY _c44536 _i55678 _d44536 _e2019-5-13 _f2021-11-9 _g5 _lCCODEBUL1 _mBUL _n4 _p6.00 _r0 _sY _tBOOK _u2015-6-25 _xEDUCACION _zUNKNOWN _0COMPRA _o.STAFF. Colección General |
||
| 980 |
_81 _gALBERTO SANCHEZ Responsable de Automatización |
||